000 01240nam a2200301 i 4500
001 15696
003 ES-MaACL
005 20250807064752.0
007 t|
008 000504s1980 sp a |||| | spa
017 _aM 43221-1980
_bOficina Depósito Legal Madrid
020 _a84-7483-158-X
080 _a910.4"1789":5(0:74)
080 _a7(7/8):069(460.27 M.)América
110 2 _aMuseo de América.
_eisb
_95835
245 1 0 _aCatálogo de los dibujos, aguadas y acuarelas de la expedición Malaspina 1789-1794 (donación Carlos Sanz) /
_cpor Mercedes Palau de Iglesias
260 _a[Madrid] :
_bMinisterio de Cultura, Dirección General de Bellas Artes, Archivos y Bibliotecas, Patronato Nacional de Museos,
_c[1980]
300 _a388 páginas :
_bilustraciones ;
_c24 cm +
_e1 hoja plegada
504 _aBibliografía: páginas 363-367
610 2 4 _aMuseo de América-
_xCatálogos.
_95836
611 2 4 _aExpedición Malaspina
_d(1789-1794)
_9644
700 1 _aPalau Baquero, Mercedes,
_d1935-2023
_eaut
_988495
710 2 _aPatronato Nacional de Museos (España)
_eedt
_96192
852 4 _aES-MaACL
_cDEPO2
_jL-23113
942 _2udc
_cMONOGRAFIA
_n0
999 _c15696
_d15696